Central Library OPAC University of Rajshahi
Normal view MARC view

Entry Topical Term

Number of records used in: 2

001 - CONTROL NUMBER

  • control field: 12837

003 - CONTROL NUMBER IDENTIFIER

  • control field: BD-RjUL

005 - DATE AND TIME OF LATEST TRANSACTION

  • control field: 20240505105258.0

008 - FIXED-LENGTH DATA ELEMENTS

  • fixed length control field: 240505|| aca||aabn | a|a d

040 ## - CATALOGING SOURCE

  • Original cataloging agency: BD-RjUL
  • Transcribing agency: BD-RjUL

150 ## - HEADING--TOPICAL TERM

  • Topical term or geographic name entry element: Chickpea
  • Form subdivision: Yield and Yield

670 ## - SOURCE DATA FOUND

  • Source citation: Work cat.: (BD-RjUL)83646: Deb, Anil Chandra, Study of Genetic Control, Selection Index and Genotype-Environment Interaction of Yield and Yield Components in Chickpea (Cicer Arietinum L.) /, 2002